Países com mais brasileiros fora do Brasil - Statistics

Estatísticas Gerais
  • Esse quiz foi jogado 353 vezes
  • A pontuação média é 13 de 15
Estatísticas das Respostas
Quantidade País % Correto
1.775.000 Estados Unidos
99%
276.000 Portugal
98%
121.000 Canadá
97%
211.000 Japão
97%
89.000 Argentina
96%
156.000 Espanha
95%
81.400 França
95%
161.000 Itália
93%
144.000 Alemanha
92%
45.000 México
92%
220.000 Reino Unido
88%
56.600 Austrália
87%
240.000 Paraguai
76%
75.800 Suíça
74%
40.000 Bélgica
63%
Nenhum quiz correspondente encontrado
Distribuição das Pontuações
Porcentagem de Pessoas com Cada Pontuação
Percentil de Números Respondidos
Sua Pontuação Histórica
Você não jogou esse quiz